[Event "ICS rated blitz match"]
[Site "204.178.125.65"]
[Date "2000.03.08"]
[Round "?"]
[White "MissSilicon"]
[Black "Hossa"]
[Result "1-0"]
[WhiteElo "2668"]
[BlackElo "2494"]
[PlyCount "123"]

1. e4 e5 2. f4 exf4 3. Nf3 d6 4. Bc4 Be6 5. Bxe6 fxe6 6. d4 Qf6 7. Nc3 Na6 8.
Qe2 O-O-O 9. O-O Ne7 10. Nb5 Kb8 11. e5 dxe5 12. Nxe5 g5 13. h4 gxh4 14. Bxf4
Nf5 15. Qh5 Rg8 16. Qxh7 Rg7 17. Qh5 Bb4 18. c3 Bd6 19. Rf2 Rdg8 20. Re1 Ka8
21. Qf3 Rf8 22. Nd3 Bxf4 23. Nxf4 Re7 24. Re5 c6 25. Na3 h3 26. Qxh3 Rh8 27.
Qf3 Reh7 28. Kf1 Rh1+ 29. Ke2 Nh4 30. Qg4 Qd8 31. Nxe6 Qb8 32. g3 Rg1 33. Nf4
c5 34. Rf1 cxd4 35. cxd4 Rxf1 36. Kxf1 Qc7 37. Re2 Qc1+ 38. Kf2 Nb8 39. gxh4
Rf8 40. Kg3 Qg1+ 41. Ng2 a6 42. Nc4 Nc6 43. Nce3 Ne7 44. Qg7 Nf5+ 45. Nxf5 Rxf5
46. Qg4 Qf1 47. h5 Ka7 48. h6 Rf6 49. d5 Rxh6 50. Qd4+ Rb6 51. Nf4 Qc1 52. d6
a5 53. d7 Qc7 54. Re5 Ka6 55. d8=Q Qxd8 56. Qxd8 Ka7 57. Rxa5+ Ra6 58. Kh3 Rxa5
59. Qxa5+ Kb8 60. Ne6 b6 61. Qxb6+ Kc8 62. Qc7# 1-0

[Event "ICS rated blitz match"]
[Site "204.178.125.65"]
[Date "2000.03.08"]
[Round "?"]
[White "Tinker"]
[Black "Hossa"]
[Result "1-0"]
[WhiteElo "2433"]
[BlackElo "2485"]
[PlyCount "131"]

1. e4 e5 2. Nf3 Nc6 3. Nc3 Nf6 4. Bb5 Bb4 5. Bxc6 bxc6 6. Qe2 d6 7. d4 exd4 8.
Nxd4 Bxc3+ 9. bxc3 O-O 10. O-O c5 11. Nb3 Nd7 12. Rb1 f5 13. exf5 Rxf5 14. Qe6+
Rf7 15. Qe2 Rb8 16. Be3 Qf6 17. Bd2 Ne5 18. f4 Ng4 19. h3 Nh6 20. Qe8+ Rf8 21.
Qe2 Qg6 22. Qc4+ Nf7 23. Qd3 Bf5 24. Qf3 Bxc2 25. Rbe1 Bxb3 26. axb3 Rxb3 27.
Ra1 Qc2 28. Be1 Rb1 29. Rxa7 c6 30. Re7 Ne5 31. Qe3 Qf5 32. g4 Qf6 33. Ra7 Rb2
34. f5 Kh8 35. Bg3 Nc4 36. Qe7 Rc2 37. Bh4 Qxe7 38. Bxe7 Rc8 39. f6 gxf6 40.
Bxf6+ Kg8 41. Rg7+ Kf8 42. Rxh7 Nd2 43. Rf5 Ke8 44. Bg5 Rc1+ 45. Kg2 Rf1 46.
Bxd2 Rxf5 47. gxf5 Rd8 48. h4 Rd7 49. Rh8+ Kf7 50. Rh7+ Ke8 51. Rxd7 Kxd7 52.
h5 Ke7 53. Bf4 Kf6 54. h6 Kxf5 55. h7 Kxf4 56. h8=Q Kf5 57. Kf3 Ke6 58. Qe8+
Kf6 59. Kf4 c4 60. Qxc6 Ke6 61. Qxc4+ Kf6 62. Qd5 Ke7 63. Kf5 Ke8 64. Qb7 Kf8
65. Kf6 d5 66. Qb8# 1-0

[Event "ICS rated blitz match"]
[Site "204.178.125.65"]
[Date "2000.03.08"]
[Round "?"]
[White "Hossa"]
[Black "MissSilicon"]
[Result "1/2-1/2"]
[WhiteElo "2467"]
[BlackElo "2661"]
[PlyCount "133"]

1. e4 e5 2. Nf3 Nc6 3. Bb5 Bc5 4. c3 Nf6 5. d4 exd4 6. e5 Qe7 7. O-O Ne4 8.
cxd4 Bb4 9. Qc2 f5 10. Nc3 Bxc3 11. bxc3 O-O 12. Qb3+ Kh8 13. Re1 Qd8 14. Be3
d5 15. exd6 cxd6 16. Rad1 Qf6 17. Re2 Be6 18. Qb2 Rae8 19. Bf4 Re7 20. Rde1
Rfe8 21. Qa3 Bf7 22. h4 Bh5 23. Bg5 Qg6 24. Bxe7 Bxf3 25. Bg5 Bxe2 26. Rxe2
Nxg5 27. Rxe8+ Qxe8 28. hxg5 a6 29. Bxc6 Qxc6 30. Qa5 g6 31. Qd8+ Kg7 32. Qe7+
Kg8 33. Qe6+ Kf8 34. c4 Qc7 35. a4 Qe7 36. Qc8+ Kg7 37. g3 d5 38. cxd5 Qe1+ 39.
Kg2 Qe4+ 40. Kh2 Qxd5 41. Qc7+ Kg8 42. Kg1 Qf7 43. Qb8+ Kg7 44. Qe5+ Kf8 45. d5
Qd7 46. Qh8+ Ke7 47. Qxh7+ Kd6 48. Qxg6+ Kxd5 49. a5 Kc4 50. Kh2 Qd5 51. Qb6
Qd7 52. g6 f4 53. gxf4 Qg4 54. Qc7+ Kd3 55. Qd8+ Kc4 56. Qf6 Qf3 57. Qh4 Qc3
58. Qe7 Qf3 59. Kg1 Qg4+ 60. Kf1 Qh3+ 61. Ke1 Qc3+ 62. Ke2 Qd3+ 63. Ke1 Qb1+
64. Ke2 Qd3+ 65. Ke1 Qb1+ 66. Ke2 Qd3+ 67. Ke1 1/2-1/2

[Event "ICS rated blitz match"]
[Site "204.178.125.65"]
[Date "2000.03.08"]
[Round "?"]
[White "MissSilicon"]
[Black "Hossa"]
[Result "1-0"]
[WhiteElo "2653"]
[BlackElo "2475"]
[PlyCount "155"]

1. e4 c5 2. Nf3 d6 3. d4 cxd4 4. Nxd4 Nf6 5. Nc3 a6 6. Bd3 Nc6 7. Nxc6 bxc6 8.
O-O e5 9. Bc4 Be7 10. Qd3 O-O 11. Bg5 Rb8 12. b3 Ra8 13. Rfd1 Qa5 14. a3 Bg4
15. b4 Qb6 16. Be3 Qb7 17. f3 Be6 18. Rab1 Rfd8 19. Bxe6 fxe6 20. Na4 Rab8 21.
Qc3 Nd7 22. Qb3 d5 23. Nb2 Bd6 24. Nd3 Rf8 25. a4 Rf7 26. Re1 Rbf8 27. c4 d4
28. c5 Bb8 29. Bf2 Re7 30. f4 exf4 31. Bxd4 f3 32. Rf1 fxg2 33. Rxf8+ Nxf8 34.
Kxg2 Ng6 35. Rb2 Qd7 36. Be3 Rf7 37. Rf2 Nh4+ 38. Kh1 Rxf2 39. Nxf2 Nf3 40. h3
Qf7 41. Kg2 Qf6 42. Qd1 Ne5 43. Qe2 a5 44. bxa5 Ng6 45. a6 Nh4+ 46. Kf1 Nf3 47.
Qd1 h6 48. Qd7 Qa1+ 49. Nd1 Nh2+ 50. Ke1 Bg3+ 51. Bf2 Bxf2+ 52. Kxf2 Qa2+ 53.
Kg3 Nf1+ 54. Kf3 Nd2+ 55. Kf4 g5+ 56. Ke5 Nc4+ 57. Kf6 Qa1+ 58. Ke7 Ne5 59.
Qe8+ Kh7 60. a7 Ng6+ 61. Kd6 Qxd1+ 62. Kc7 Qxa4 63. a8=R Qxa8 64. Qxa8 Nf4 65.
Qxc6 g4 66. Kb8 Kg6 67. Qe8+ Kf6 68. Qh8+ Kf7 69. c6 gxh3 70. Qh7+ Kf6 71.
Qxh6+ Ng6 72. c7 Ke5 73. c8=Q Kxe4 74. Qc2+ Kf3 75. Qd3+ Kf2 76. Qhe3+ Kg2 77.
Qxh3+ Kf2 78. Qdf1# 1-0

[Event "ICS rated blitz match"]
[Site "204.178.125.65"]
[Date "2000.03.08"]
[Round "?"]
[White "Hossa"]
[Black "PostModernist"]
[Result "0-1"]
[WhiteElo "2467"]
[BlackElo "2594"]
[PlyCount "140"]

1. e4 c6 2. d4 Na6 3. Nf3 Nc7 4. Nc3 g6 5. Be2 Bg7 6. O-O d6 7. Be3 Nf6 8. Qd2
O-O 9. Bh6 Bxh6 10. Qxh6 Ng4 11. Qh4 e5 12. dxe5 Qxh4 13. Nxh4 Nxe5 14. f4 Ng4
15. Bxg4 Bxg4 16. h3 Be6 17. Rfd1 Rad8 18. Rd4 c5 19. Ra4 a6 20. Nf3 b5 21. Ra5
f5 22. e5 Rfe8 23. Kf2 h6 24. g3 dxe5 25. fxe5 g5 26. Rh1 g4 27. hxg4 fxg4 28.
Ne1 Rf8+ 29. Ke3 Rf5 30. Nd3 c4 31. Nb4 Rxe5+ 32. Kf4 Rf5+ 33. Ke4 Bc8 34. Rxh6
Re8+ 35. Kd4 Ne6+ 36. Ke3 Ng5+ 37. Kd2 Rf2+ 38. Kc1 Rf1+ 39. Nd1 Rd8 40. b3
Rdxd1+ 41. Kb2 Ne4 42. Nxa6 Bd7 43. Rb6 cxb3 44. cxb3 Rf2+ 45. Ka3 Nc3 46. Rb8+
Kh7 47. Kb4 Nd5+ 48. Ka3 Rdd2 49. Nb4 Nc3 50. Nc6 Rxa2+ 51. Kb4 Bxc6 52. Rxa2
Nxa2+ 53. Kc5 Rc2+ 54. Kd6 Nc1 55. Rb6 Ne2 56. Rxc6 Rxc6+ 57. Kxc6 Nxg3 58.
Kxb5 Nf5 59. b4 g3 60. Kc4 g2 61. Kd3 g1=Q 62. Kc3 Qd4+ 63. Kc2 Ne3+ 64. Kb3
Qc4+ 65. Ka4 Nd5 66. Ka3 Qxb4+ 67. Ka2 Kg6 68. Ka1 Kh7 69. Ka2 Nc3+ 70. Ka1
Qb1# 0-1

[Event "ICS rated bullet match"]
[Site "204.178.125.65"]
[Date "2000.03.08"]
[Round "?"]
[White "LoboNaranjo"]
[Black "Hossa"]
[Result "0-1"]
[WhiteElo "2191"]
[BlackElo "2336"]
[PlyCount "56"]

1. e4 c5 2. Nf3 d6 3. d4 cxd4 4. Nxd4 Nf6 5. Nc3 a6 6. Bg5 e6 7. Qd2 h6 8. Bh4
Nxe4 9. Nxe4 Qxh4 10. Bd3 d5 11. Nf3 Qg4 12. Ng3 Nc6 13. O-O Bd6 14. h3 Qb4 15.
c3 Qb6 16. Ne2 O-O 17. Nh4 Ne5 18. Bc2 g5 19. Kh1 Kg7 20. f4 Nc4 21. Qd3 gxh4
22. Qh7+ Kf6 23. f5 e5 24. Qxh6+ Ke7 25. Qxh4+ Kd7 26. f6 Kc7 27. Rfd1 Ne3 28.
Rxd5 Nxd5 0-1

[Event "ICS rated blitz match"]
[Site "204.178.125.65"]
[Date "2000.03.09"]
[Round "?"]
[White "Greeneyes"]
[Black "Hossa"]
[Result "0-1"]
[WhiteElo "2092"]
[BlackElo "2457"]
[PlyCount "22"]

1. e4 e5 2. Nf3 Nc6 3. Bb5 Nf6 4. O-O Bc5 5. c3 O-O 6. d4 Bb6 7. Re1 d6 8. Bxc6
bxc6 9. dxe5 Ng4 10. Bf4 Nxf2 11. Qe2 Nh3+ 0-1

[Event "ICS rated blitz match"]
[Site "204.178.125.65"]
[Date "2000.03.09"]
[Round "?"]
[White "Hossa"]
[Black "Pavian"]
[Result "1-0"]
[WhiteElo "2460"]
[BlackElo "2193"]
[PlyCount "43"]

1. d4 Nf6 2. c4 g6 3. Nc3 Bg7 4. e4 d6 5. Nf3 O-O 6. Be2 e5 7. O-O Nc6 8. d5
Ne7 9. Ne1 Ne8 10. f4 exf4 11. Bxf4 f5 12. exf5 Nxf5 13. Nf3 h6 14. g4 Nh4 15.
Nd4 Qf6 16. Be3 Qe5 17. Rxf8+ Bxf8 18. Bf2 Be7 19. Qd3 Kh7 20. Rf1 Ng7 21. Bg3
Qg5 22. Ne4 1-0

[Event "ICS Rated standard match"]
[Site "204.178.125.65"]
[Date "2000.03.09"]
[Round "?"]
[White "Hossa"]
[Black "huge"]
[Result "1/2-1/2"]
[WhiteElo "2172"]
[BlackElo "2364"]
[PlyCount "171"]

1. c4 Nf6 2. Nf3 Nc6 3. d4 e6 4. Nc3 Bb4 5. Bg5 d5 6. cxd5 exd5 7. e3 h6 8.
Bxf6 Qxf6 9. Be2 Bxc3+ 10. bxc3 O-O 11. Nd2 Re8 12. O-O Qg5 13. Nf3 Qg6 14. Qb3
Rd8 15. Rfd1 a5 16. Bd3 Qe6 17. Bb5 Ne7 18. Rab1 c6 19. Bd3 a4 20. Qb6 Qd6 21.
Ne5 Re8 22. c4 dxc4 23. Nxc4 Qe6 24. Qc5 b5 25. Ne5 Bd7 26. Nxd7 Qxd7 27. d5
cxd5 28. Bxb5 Rec8 29. Qb4 Qa7 30. Qa3 Qc5 31. Qxc5 Rxc5 32. a3 Rc3 33. Rd3
Rxd3 34. Bxd3 Nc6 35. Rc1 Ne5 36. Bb5 Nc4 37. Bc6 Ra5 38. e4 Nxa3 39. exd5 Nb5
40. Bxb5 Rxb5 41. Rd1 Rb7 42. d6 Rd7 43. g4 f6 44. f4 a3 45. Kf2 Kf7 46. f5 a2
47. Ra1 Ra7 48. Ke3 Ke8 49. Kd4 Kd7 50. Kc5 h5 51. gxh5 Ra5+ 52. Kb4 Rxf5 53.
Rxa2 Kxd6 54. Ra6+ Ke7 55. Ra7+ Kf8 56. Ra8+ Kf7 57. Ra7+ Kg8 58. h6 gxh6 59.
Kc4 Rh5 60. Ra2 Kf7 61. Kd4 Rh4+ 62. Kd5 Kg6 63. Rg2+ Kf5 64. Kd6 Rg4 65. Rf2+
Kg5 66. h3 Ra4 67. Rg2+ Kh4 68. Ke6 Kxh3 69. Rg1 Ra6+ 70. Kf5 h5 71. Rd1 h4 72.
Rd3+ Kg2 73. Rd2+ Kf3 74. Rd3+ Kg2 75. Rd2+ Kf1 76. Rd1+ Ke2 77. Rh1 Ra4 78.
Kxf6 Kf2 79. Kg5 Kg3 80. Rg1+ Kh2 81. Rd1 h3 82. Rd2+ Kg3 83. Rd3+ Kg2 84. Rd2+
Kh1 85. Rd1+ Kg2 86. Rd2+ 1/2-1/2

[Event "ICS Rated standard match"]
[Site "204.178.125.65"]
[Date "2000.03.09"]
[Round "?"]
[White "PostModernist"]
[Black "Hossa"]
[Result "1-0"]
[WhiteElo "2389"]
[BlackElo "2180"]
[PlyCount "87"]

1. d4 d5 2. Nf3 Nf6 3. e3 e6 4. Bd3 c5 5. c3 Bd6 6. Nbd2 O-O 7. O-O Nc6 8. dxc5
Bxc5 9. e4 b6 10. e5 Ng4 11. Nb3 Ngxe5 12. Nxe5 Nxe5 13. Nxc5 bxc5 14. Bxh7+
Kxh7 15. Qh5+ Kg8 16. Qxe5 Ba6 17. Re1 Re8 18. b3 Bd3 19. Qg3 c4 20. Bg5 Qc8
21. Bf6 Bg6 22. Be5 cxb3 23. axb3 a5 24. h4 Qb7 25. h5 f6 26. hxg6 fxe5 27. Qh3
Qb8 28. Qh7+ Kf8 29. Qh8+ Ke7 30. Qxg7+ Kd8 31. c4 Re7 32. Qf6 Kd7 33. Rxe5
Qxb3 34. cxd5 Rae8 35. g7 Qb4 36. dxe6+ Kc6 37. Rexa5 Rxe6 38. g8=Q Kb7 39.
Ra7+ Kb6 40. Qgxe6+ Rxe6 41. Qxe6+ Kc5 42. Rc7+ Kd4 43. Rd1+ Qd2 44. Rxd2# 1-0

[Event "ICS rated blitz match"]
[Site "204.178.125.65"]
[Date "2000.03.09"]
[Round "?"]
[White "Hossa"]
[Black "QueenMaxima"]
[Result "1-0"]
[WhiteElo "2466"]
[BlackElo "2301"]
[PlyCount "67"]

1. c4 e6 2. Nf3 Nf6 3. d4 b6 4. Nc3 Bb7 5. e3 Bb4 6. Be2 Ne4 7. Qd3 Nxc3 8.
bxc3 Bf8 9. O-O a6 10. e4 Nc6 11. e5 Be7 12. d5 Na7 13. Bd1 Bc5 14. Bb3 h6 15.
Bf4 Rb8 16. Rab1 Ba8 17. Rfd1 Qc8 18. Ba4 exd5 19. cxd5 b5 20. Bc2 Rb6 21. Nd2
Rg6 22. Qf3 Rb6 23. Ne4 Bf8 24. Be3 Rb7 25. Nc5 Rb6 26. Bf5 Bxc5 27. Bxc5 Rb7
28. e6 fxe6 29. dxe6 d6 30. Qh5+ Kd8 31. Qf7 Nc6 32. Qxg7 Qxe6 33. Bxe6 Nb4 34.
Qd7# 1-0

[Event "ICS rated standard match"]
[Site "204.178.125.65"]
[Date "2000.03.09"]
[Round "?"]
[White "Hossa"]
[Black "star"]
[Result "0-1"]
[WhiteElo "2173"]
[BlackElo "2525"]
[PlyCount "146"]

1. e4 e5 2. Nf3 d6 3. d4 Nd7 4. Bc4 c6 5. O-O Be7 6. dxe5 dxe5 7. Ng5 Bxg5 8.
Qh5 Qe7 9. Bxg5 Ngf6 10. Qe2 h6 11. Bd2 O-O 12. Nc3 b5 13. Bd3 Nc5 14. Rac1 Rd8
15. f4 b4 16. Nb1 a5 17. Be3 Ncxe4 18. Bxe4 Nxe4 19. Bb6 f5 20. Bxd8 Qc5+ 21.
Kh1 Ba6 22. Qh5 Bxf1 23. Bh4 Nf2+ 24. Bxf2 Qxf2 25. Qf3 Qxf3 26. gxf3 Be2 27.
fxe5 Bxf3+ 28. Kg1 Rd8 29. Kf2 Bg4 30. Kg3 Kf7 31. h3 Bh5 32. h4 Rd5 33. c3
Rxe5 34. cxb4 Re3+ 35. Kf4 Re4+ 36. Kg3 f4+ 37. Kf2 Re2+ 38. Kf1 axb4 39. a3
Rxb2 40. axb4 Bg6 41. Nc3 Bd3+ 42. Kg1 f3 43. Nd1 Rg2+ 44. Kh1 f2 45. Nxf2 Rxf2
46. Kg1 Rf4 47. Rxc6 Rxb4 48. Rc3 Bf5 49. h5 Rh4 50. Rc7+ Kf6 51. Rb7 Rxh5 52.
Rb8 g5 53. Kf2 Rh1 54. Kg2 Be4+ 55. Kf2 h5 56. Ke3 Bd5 57. Kd4 Rd1+ 58. Ke3 g4
59. Rf8+ Kg5 60. Kf2 h4 61. Ke2 g3 62. Kxd1 g2 63. Kc2 g1=Q 64. Rh8 Qc5+ 65.
Kd3 Qc4+ 66. Kd2 Qd4+ 67. Kc1 Qc3+ 68. Kb1 Be4+ 69. Ka2 Qxh8 70. Kb3 Qd4 71.
Ka3 Qc3+ 72. Ka2 Qb4 73. Ka1 Qa3# 0-1

[Event "ICS rated bullet match"]
[Site "204.178.125.65"]
[Date "2000.03.09"]
[Round "?"]
[White "Hossa"]
[Black "medialuna"]
[Result "1-0"]
[WhiteElo "2346"]
[BlackElo "2159"]
[PlyCount "29"]

1. d4 d5 2. c4 c6 3. Nf3 Bf5 4. cxd5 cxd5 5. Qb3 Bxb1 6. Qxb7 Nd7 7. Rxb1 Ngf6
8. e3 e6 9. Bd2 Ne4 10. Bb5 Nef6 11. Rc1 Bd6 12. Qa6 O-O 13. Qxd6 Rb8 14. Bxd7
Nxd7 15. Rc7 1-0

[Event "ICS rated bullet match"]
[Site "204.178.125.65"]
[Date "2000.03.09"]
[Round "?"]
[White "medialuna"]
[Black "Hossa"]
[Result "0-1"]
[WhiteElo "2129"]
[BlackElo "2348"]
[PlyCount "42"]

1. e4 e5 2. Nf3 Nc6 3. Bc4 Nf6 4. d3 Be7 5. O-O O-O 6. c3 d6 7. b4 Bg4 8. Nbd2
d5 9. exd5 Nxd5 10. Qb3 Nf4 11. h3 Bf5 12. d4 exd4 13. Bb2 d3 14. Rae1 Ne2+ 15.
Kh1 Qd6 16. a4 a5 17. b5 Ne5 18. Nxe5 Qxe5 19. Nf3 Qf4 20. Bc1 Nxc1 21. Rxe7
Nxb3 0-1

[Event "ICS rated bullet match"]
[Site "204.178.125.65"]
[Date "2000.03.09"]
[Round "?"]
[White "Hossa"]
[Black "medialuna"]
[Result "1-0"]
[WhiteElo "2350"]
[BlackElo "2106"]
[PlyCount "125"]

1. e4 Nf6 2. e5 Nd5 3. d4 d6 4. c4 Nb6 5. exd6 exd6 6. Nc3 Be7 7. h3 O-O 8. Nf3
Re8 9. Be2 Bf5 10. O-O Nc6 11. Bf4 a6 12. d5 Nb8 13. Re1 N8d7 14. Nd4 Bg6 15.
Bf1 Bf6 16. Rxe8+ Qxe8 17. b3 Nc5 18. b4 Ne4 19. Nxe4 Bxe4 20. Rc1 Qd7 21. Qd2
Re8 22. Re1 Bg6 23. Re3 h6 24. Be2 Kh7 25. Bg4 Qa4 26. Bd1 Qd7 27. Bb3 Rxe3 28.
Qxe3 Bxd4 29. Qxd4 Nc8 30. Bd2 Ne7 31. Qa7 Qf5 32. Qxb7 Qb1+ 33. Kh2 Qb2 34.
Bf4 Nf5 35. Bxh6 Nxh6 36. Qxc7 Qe5+ 37. g3 Qa1 38. Qxd6 Qe1 39. Qb6 Nf5 40. Bc2
Nxg3 41. Bxg6+ fxg6 42. Kxg3 Qe5+ 43. Kg2 Qg5+ 44. Kf3 Qf5+ 45. Ke3 Qe5+ 46.
Kd3 Qf5+ 47. Kc3 Qxh3+ 48. Qe3 Qf1 49. Kd4 Qa1+ 50. Kc5 Qxa2 51. f4 Qh2 52. Kc6
Qh1 53. Kb7 Qb1 54. Qh3+ Kg8 55. Qe6+ Kh7 56. d6 Qxb4+ 57. Ka8 Qb6 58. Qh3+ Kg8
59. Qc8+ Kh7 60. d7 g5 61. fxg5 g6 62. d8=Q Qe6 63. Qh8# 1-0

[Event "ICS rated blitz match"]
[Site "204.178.125.65"]
[Date "2000.03.09"]
[Round "?"]
[White "QueenMaxima"]
[Black "Hossa"]
[Result "1-0"]
[WhiteElo "2296"]
[BlackElo "2475"]
[PlyCount "129"]

1. d4 Nf6 2. c4 e6 3. Nf3 b6 4. a3 Bb7 5. Nc3 d5 6. cxd5 Nxd5 7. e3 Nd7 8. Bd3
Nxc3 9. bxc3 Be7 10. Qc2 c5 11. O-O Bxf3 12. gxf3 cxd4 13. cxd4 Rc8 14. Qb1 Nf6
15. f4 O-O 16. f5 Qd5 17. fxe6 Qg5+ 18. Kh1 fxe6 19. Qb3 Qg4 20. f3 Qh3 21. Rf2
Nh5 22. Bc4 Rc6 23. d5 Rd6 24. f4 Ng3+ 25. Kg1 Ne4 26. Rg2 Nc5 27. Qa2 g6 28.
Rb1 Qf3 29. Rf2 Qg4+ 30. Kh1 Ne4 31. Rc2 Qd1+ 32. Kg2 exd5 33. Bb5 Bh4 34. Be2
Qe1 35. Qb3 Qf2+ 36. Kh3 g5 37. Bb2 Re8 38. Bd4 Nc5 39. Qc3 Rde6 40. Be5 Ne4
41. Qd3 gxf4 42. exf4 Be7 43. Qxd5 Bf6 44. Qxe4 Qh4+ 45. Kg2 Bxe5 46. Bc4 Kg7
47. Re2 Rg6+ 48. Kh1 Rg4 49. Rg1 Rxg1+ 50. Kxg1 Kh8 51. Kh1 Qh3 52. Rg2 Qc8 53.
fxe5 Rd8 54. Bd3 Qc1+ 55. Rg1 Qc7 56. e6 Rg8 57. Qd4+ Rg7 58. Rxg7 Qxg7 59.
Qd8+ Qg8 60. e7 Kg7 61. Qxg8+ Kxg8 62. e8=Q+ Kg7 63. Qe7+ Kh6 64. Qf6+ Kh5 65.
Be2# 1-0

[Event "ICS rated blitz match"]
[Site "204.178.125.65"]
[Date "2000.03.09"]
[Round "?"]
[White "MissSilicon"]
[Black "Hossa"]
[Result "1-0"]
[WhiteElo "2661"]
[BlackElo "2458"]
[PlyCount "131"]

1. e4 e5 2. Bc4 Nf6 3. d3 Nc6 4. Nf3 d6 5. Ng5 d5 6. exd5 Nxd5 7. Qf3 Be6 8.
Nxe6 fxe6 9. O-O Bd6 10. Bxd5 exd5 11. Qxd5 Qh4 12. Nd2 O-O-O 13. Ne4 Qg4 14.
Qc4 Qf5 15. Be3 Kb8 16. f4 Rhf8 17. Nxd6 cxd6 18. fxe5 Qxe5 19. Bf4 Qe7 20.
Rae1 Qc7 21. Qe4 Qb6+ 22. Qe3 Qc7 23. Rf2 Rf7 24. Bg5 Rc8 25. a3 Rff8 26. Bf4
Ka8 27. c3 h6 28. Qg3 Rf6 29. d4 g5 30. Be3 Rcf8 31. Rxf6 Rxf6 32. Bd2 Qf7 33.
Qe3 Nd8 34. d5 Rf5 35. Qh3 b6 36. Qxh6 Rxd5 37. Bxg5 Nc6 38. Rf1 Qd7 39. Qf8+
Nb8 40. Qf3 Qc6 41. Bf4 Nd7 42. Rf2 Kb7 43. Rd2 Rxd2 44. Qxc6+ Kxc6 45. Bxd2 d5
46. h4 Nf6 47. Kf2 a6 48. Bg5 Ne4+ 49. Kf3 Kc7 50. Bf4+ Kd7 51. h5 Ke7 52. g4
Nc5 53. g5 Nd3 54. h6 Kf7 55. h7 Kg7 56. g6 Nxf4 57. Kxf4 b5 58. Kf5 b4 59.
axb4 d4 60. cxd4 a5 61. bxa5 Kh8 62. a6 Kg7 63. h8=Q+ Kxh8 64. Kf6 Kg8 65. a7
Kf8 66. a8=Q# 1-0

[Event "ICS rated blitz match"]
[Site "204.178.125.65"]
[Date "2000.03.09"]
[Round "?"]
[White "ljb"]
[Black "Hossa"]
[Result "0-1"]
[WhiteElo "2178"]
[BlackElo "2450"]
[PlyCount "74"]

1. e4 e5 2. c4 Nc6 3. Nc3 Bc5 4. d3 d6 5. Nf3 Nf6 6. Be2 Bg4 7. h3 Bxf3 8. Bxf3
Nd4 9. O-O O-O 10. Be3 c6 11. Bxd4 Bxd4 12. Qd2 Qa5 13. Rfd1 Rfe8 14. Nd5 Qd8
15. Nxf6+ Qxf6 16. Rab1 Qh4 17. b4 Qg3 18. Rf1 Rf8 19. Kh1 Qh4 20. Kh2 f5 21.
g3 Qf6 22. Bg2 fxe4 23. dxe4 Qe6 24. Qe2 Rad8 25. f3 Qh6 26. a4 Rf7 27. Rfc1
Rdf8 28. Rd1 Qf6 29. f4 exf4 30. g4 f3 31. Bxf3 Qe5+ 32. Kg2 Rxf3 33. Qxf3 Rxf3
34. Kxf3 Qf6+ 35. Ke2 Qf2+ 36. Kd3 Qe3+ 37. Kc2 Qc3# 0-1

[Event "ICS rated blitz match"]
[Site "204.178.125.65"]
[Date "2000.03.09"]
[Round "?"]
[White "Hossa"]
[Black "ljb"]
[Result "1-0"]
[WhiteElo "2456"]
[BlackElo "2172"]
[PlyCount "23"]

1. e4 e6 2. d4 d5 3. Nc3 Nf6 4. e5 Nfd7 5. f4 c5 6. Nf3 a6 7. Be2 Nc6 8. dxc5
Bxc5 9. Bd3 b5 10. Ng5 h6 11. Qh5 Qe7 12. Nxf7 1-0

[Event "ICS rated blitz match"]
[Site "204.178.125.65"]
[Date "2000.03.09"]
[Round "?"]
[White "ljb"]
[Black "Hossa"]
[Result "0-1"]
[WhiteElo "2167"]
[BlackElo "2461"]
[PlyCount "98"]

1. e4 e5 2. Nf3 Nc6 3. Bb5 a6 4. Bxc6 dxc6 5. O-O f6 6. d3 Bg4 7. h3 Bh5 8. Be3
Bd6 9. Nbd2 Ne7 10. c3 b6 11. Qc2 O-O 12. d4 Qe8 13. Rfe1 Qf7 14. Qb3 Qxb3 15.
axb3 Ra7 16. Nc4 Bxf3 17. gxf3 exd4 18. Bxd4 Rd8 19. Kg2 Bf4 20. Be3 Ng6 21.
Red1 Nh4+ 22. Kf1 Rxd1+ 23. Rxd1 Bxe3 24. fxe3 Nxf3 25. Rd8+ Kf7 26. Rd7+ Kg6
27. Nxb6 Ne5 28. Re7 Rb7 29. Na4 Rxb3 30. Rxc7 a5 31. Ke2 Rb5 32. Kd2 Nf3+ 33.
Kc2 Re5 34. Rxc6 Rxe4 35. Rc5 Rxa4 36. Kb3 Rh4 37. Rxa5 Nd2+ 38. Kc2 Nc4 39.
Ra7 Nxe3+ 40. Kd3 Rxh3 41. c4 Nf5+ 42. Ke4 Rb3 43. c5 Rxb2 44. c6 Rb3 45. c7
Rc3 46. Kd5 Ne7+ 47. Ke6 Nc8 48. Rb7 Rd3 49. Rb8 Rd6# 0-1

[Event "ICS rated bullet match"]
[Site "204.178.125.65"]
[Date "2000.03.09"]
[Round "?"]
[White "carbide"]
[Black "Hossa"]
[Result "0-1"]
[WhiteElo "2238"]
[BlackElo "2352"]
[PlyCount "96"]

1. Nf3 d5 2. g3 c6 3. Bg2 Bg4 4. d4 Nd7 5. O-O Ngf6 6. Re1 e6 7. Nbd2 Be7 8. e4
O-O 9. c3 Qa5 10. Qb3 Qa6 11. Bf1 Qb6 12. Bg2 Qxb3 13. axb3 Rfd8 14. h3 Bh5 15.
e5 Ne8 16. Nh2 c5 17. f4 cxd4 18. cxd4 Nc7 19. Nb1 Nb5 20. Be3 Rac8 21. Na3
Nxa3 22. bxa3 Rc2 23. Rec1 Rb2 24. Rcb1 Re2 25. Re1 Rxe1+ 26. Rxe1 Rc8 27. Rc1
Rxc1+ 28. Bxc1 Bd1 29. b4 Nb6 30. Bf1 Nc4 31. Bxc4 dxc4 32. Kf2 b5 33. Ke1 Bc2
34. Nf1 Bf5 35. g4 Bh4+ 36. Kd1 Bd3 37. Nd2 Bg3 38. Nb1 Bxb1 39. Be3 Be4 40.
Kd2 Bg2 41. Kc3 Bxh3 42. g5 Bg4 43. Kd2 h5 44. Kc3 h4 45. Bg1 Bxf4 46. d5 exd5
47. Kd4 Be6 48. g6 h3 0-1

[Event "ICS rated bullet match"]
[Site "204.178.125.65"]
[Date "2000.03.09"]
[Round "?"]
[White "Hossa"]
[Black "carbide"]
[Result "0-1"]
[WhiteElo "2363"]
[BlackElo "2227"]
[PlyCount "174"]

1. e4 e6 2. d4 d5 3. exd5 exd5 4. Bd3 Nf6 5. Nf3 Be7 6. Bf4 O-O 7. O-O c6 8.
Nbd2 Bg4 9. Re1 Nbd7 10. c3 Re8 11. Qc2 Nf8 12. Ne5 Bd7 13. Nxd7 Qxd7 14. Be5
Ng6 15. Bf5 Qd8 16. Qb3 Qb6 17. Qxb6 axb6 18. Bc7 b5 19. Bg3 Rad8 20. a4 bxa4
21. Rxa4 Bd6 22. Rxe8+ Nxe8 23. Bxg6 hxg6 24. Nf1 Bxg3 25. Nxg3 Nd6 26. h4 Kf8
27. Nf1 Ke7 28. Ne3 Kd7 29. g3 Rc8 30. Kg2 b5 31. Ra7+ Rc7 32. Ra8 Rc8 33. Ra3
Rc7 34. f3 Nc4 35. Nxc4 bxc4 36. b3 cxb3 37. Rxb3 Ra7 38. f4 Ke6 39. Kf3 Rc7
40. Rb1 Kf6 41. Rb6 Ke7 42. g4 Kd6 43. Rb8 Rd7 44. Rf8 f6 45. Re8 Re7 46. Rxe7
Kxe7 47. Kf2 Ke6 48. Ke3 Ke7 49. Ke2 Kd6 50. Kd3 Kc7 51. Kd2 Kb6 52. Ke3 Kb5
53. Ke2 Kc4 54. Kd2 Kb3 55. Kd3 Kb2 56. c4 Kb3 57. cxd5 cxd5 58. f5 gxf5 59.
gxf5 Kb4 60. Kd2 Kc4 61. Ke3 Kc3 62. h5 Kc4 63. Kf3 Kxd4 64. Kg4 Ke5 65. Kf3
Kxf5 66. Ke3 Kg5 67. Kd2 Kxh5 68. Ke2 g5 69. Kd2 Kg4 70. Kc3 f5 71. Kd2 f4 72.
Ke2 Kf5 73. Kf3 g4+ 74. Ke2 Ke4 75. Kd2 d4 76. Kc2 g3 77. Kb3 f3 78. Ka4 d3 79.
Kb4 d2 80. Kc3 d1=Q 81. Kc4 f2 82. Kb4 f1=Q 83. Kc5 g2 84. Kb4 g1=Q 85. Ka3
Qa1+ 86. Kb3 Qfb1+ 87. Kc4 Qgc1# 0-1

[Event "ICS rated bullet match"]
[Site "204.178.125.65"]
[Date "2000.03.09"]
[Round "?"]
[White "BardGaijin"]
[Black "Hossa"]
[Result "0-1"]
[WhiteElo "2074"]
[BlackElo "2341"]
[PlyCount "96"]

1. e4 c5 2. d4 cxd4 3. c3 dxc3 4. Nxc3 Nc6 5. Bc4 e6 6. Nf3 Bc5 7. O-O Nf6 8.
e5 Ng4 9. Bf4 f6 10. Ne4 fxe5 11. Nxc5 exf4 12. Qd6 Qe7 13. Ne4 Nf6 14. Qxf4
Nxe4 15. Qxe4 d5 16. Bxd5 exd5 17. Qxd5 Be6 18. Qh5+ Bf7 19. Qg4 O-O 20. Rfe1
Qf6 21. Ng5 Qxb2 22. Rab1 Qxa2 23. Rxb7 Rfe8 24. Reb1 Bb3 25. Qf5 g6 26. Qd3
Na5 27. R7xb3 Qxb3 28. Qxb3+ Nxb3 29. h4 Nd4 30. Rb7 Re1+ 31. Kh2 h5 32. f3 Nf5
33. Ne4 Kh8 34. Nf6 Re7 35. Rb4 Kg7 36. Ne4 Nxh4 37. Nd6 Nf5 38. Ne4 a5 39. Rc4
a4 40. g4 hxg4 41. fxg4 Ne3 42. Rd4 a3 43. Nc3 a2 44. Nxa2 Rxa2+ 45. Kg3 Rg2+
46. Kf3 Rxg4 47. Rxg4 Nxg4 48. Kxg4 Kf6 0-1